000 01075nam a2200229 4500
001 174555
003 ES-MaACL
005 20250709063227.0
008 100506s1763 sp pb |||| | spa d
080 _a27(460.117)
100 1 _aFlórez, Enrique,
_d1702-1773
_9142679
240 1 0 _aEspaña sagrada
245 1 0 _aEspaña sagrada.
_nTomo XVII,
_pLa santa iglesia de Orense en su estado antiguo y presente
_b: theatro geographico historico de la Iglesia de España : origen, divisiones, y limites de todas sus Provincias, Antiguedad, Translaciones, y estado antiguo y presente de sus Sillas, con varias Disertaciones criticas /
_csu autor Henrique Florez.
260 _aMadrid :
_ben la oficina de Antonio Marin,
_c1763.
300 _a[12], 340 p., [1] h. de lám. pleg. ;
_c20 cm.
504 _aÍndice alfabético de cosas notables.
505 8 _aApéndices, p. 241-330
546 _aApéndices en latín.
651 4 _aOrense (Provincia)-
_xHistoria eclesiástica.
_9142723
852 4 _aES-MaACL
_jR-1617-69
_x C-16767-818
999 _c174555
_d174555